Identification and validation of miRNA markers for cold tolerance in Hevea brasiliensis (Record no. 60601)

MARC details
000 -LEADER
fixed length control field 00614nam a2200157Ia 4500
100 ## - MAIN ENTRY--AUTHOR NAME
Personal name Kuruvilla L
245 #0 - TITLE STATEMENT
Title Identification and validation of miRNA markers for cold tolerance in Hevea brasiliensis
260 ## - PUBLICATION, DISTRIBUTION, ETC. (IMPRINT)
Name of publisher Challenges in Crop Crop Physiology Research: From Molecular to Whole Plant, National Conference of Plant Physiology, 8-10 December 2016, University of Agricultural Sciences, Bengaluru, India.
650 ## - SUBJECT ADDED ENTRY--TOPICAL TERM
Topical Term Cold tolerance
650 ## - SUBJECT ADDED ENTRY--TOPICAL TERM
Topical Term miRNA markers
700 ## - ADDED ENTRY--PERSONAL NAME
Personal name Sathik M.B.M
700 ## - ADDED ENTRY--PERSONAL NAME
Personal name Thomas M
856 ## - ELECTRONIC LOCATION AND ACCESS
Uniform Resource Identifier Bibli refe only
942 ## - ADDED ENTRY ELEMENTS (KOHA)
Koha item type Journals
Holdings
Withdrawn status Lost status Damaged status Not for loan Home library Current library Shelving location Date acquired Koha item type
      Journals RRII Library RRII Library Physiology 17/12/2021 Journals